000 00511nam a2200181Ia 4500
003 OSt
005 20191212123905.0
008 190216s9999||||xx |||||||||||||| ||und||
020 _a9788131518205
040 _coclc
082 _a338.5
_bMAN/P
100 _aMankiw, N Gregory
_9458
245 0 _aPrinciples Of Microeconomics /
_cN Gregory Mankiw
260 _bCengage Learning,
_c2013.
_aDelhi:
300 _a503p
650 _aEcnomics
942 _cBK
_2ddc
_h338.5
_iMAN/P
_k338.5
_mMAN/P
999 _c11282
_d11282